9 Most Famous Cities in Burkina Faso on a Map - Statistics

General Stats
  • This quiz has been taken 82 times
  • The average score is 3 of 9
Answers on the Map
Answers color-coded by a green-red scale on the quiz's map according to % correct below.
 
Answer Stats
Wiki Monthly Views Cityquiz Mention Rate Population Answers % Correct
44.55K 27.68% 2415.27K Ouagadougou
98%
8.69K 3.17% 904.92K Bobo-Dioulasso
70%
1.70K 0.74% 160.24K Koudougou
32%
1.58K 0.32% 117.45K Banfora
30%
1.42K 0.74% 121.97K Kaya
30%
1.37K 0.43% 124.59K Ouahigouya
25%
1.22K 0.26% 46.51K Dori
21%
0.94K 0.14% 61.94K Tenkodogo
21%
1.27K 0.20% 73.20K Fada N'gourma
19%
No matching quizzes found
Score Distribution
Percent of People with Each Score
Percentile by Number Answered
Your Score History
You have not taken this quiz